000 01164nam a22003617a 4500
001 055
003 DO-SdBNP
005 20180220145942.0
007 055
008 151005b1989 sp 00| 0 spa d
020 _a8434825732
040 _aBPMSU
_bspa
_cBPMSU
092 _aXXXX
_bXXXX
100 1 _aWardle, Terry
240 1 0 _aThe hardest sum in the world
_f1989
_leng
245 1 0 _aLa suma más difícil del mundo /
_cTerry Wardle ; ilustración Benoit Jacques ; traducción María Cristina Espejer ; dirección de la colección Marinella Terzi
260 _aMadrid :
_bEdiciones SM,
_c1989.
300 _a119 p. :
_bil. ;
_c19 cm.
490 1 _aEl barco de vapor
_v161
490 1 _aNaranja
500 _aA partir de 9 años
521 1 _aA partir de los 9 años
586 _aPremio Nacional a la mejor labor editorial en literatura infantil y juvenil, 1982
700 1 2 _aJacques, Benoit
_eil.
700 1 2 _aEspejel, María Cristina
_etrad.
700 1 2 _aTerzi, Marinella
_edir. colección
830 0 _aBarco de vapor
_n161
830 0 _aNaranja
910 _a202
942 _2ddc
_cBK
945 _aInventariado, 2018 / BT
956 _aYngrid Lockward
999 _c8437
_d8437